Hospodářské právo Informační měsíčník

Guardado en:
Detalles Bibliográficos
Formato: Seriadas
Lenguaje:checo
Publicado: Praha Stát. nakl. techn. lit. 1990
Materias:
Etiquetas: Agregar Etiqueta
Sin Etiquetas, Sea el primero en etiquetar este registro!

MARC

LEADER 00000nas2a2200000 4500
001 s014997
005 20041019155329.3
041 0 |a cze 
044 |a CZ 
245 1 0 |a Hospodářské právo  |b Informační měsíčník 
264 1 |a Praha  |b Stát. nakl. techn. lit.  |c 1990 
300 |a 1 zv. 
773 0 |w eu_un_cat*s120738 
610 2 0 |a právo hospodárske